[Event "RUS-ch Higher League 72nd"]
[Site "Yaroslavl"]
[Date "2019.07.01"]
[Round "5"]
[White "Mirzaev, Aziz"]
[Black "Galaktionov, Artem"]
[Result "1-0"]
[WhiteElo "2433"]
[BlackElo "2371"]
[PlyCount "127"]
[EventDate "2019.06.27"]
[EventType "swiss"]
[EventRounds "9"]
[EventCountry "RUS"]
[SourceTitle "CBM 191 Extra"]
[Source "ChessBase"]
[SourceDate "2019.09.30"]
[SourceVersion "1"]
[SourceVersionDate "2019.09.30"]
[SourceQuality "1"]

1. d4 d5 2. Nf3 Nf6 3. c4 e6 4. Nc3 Be7 5. g3 0-0 6. Bg2 c6 7. 0-0 Nbd7 8. b3 b6 9. Qd3 Ba6 10. Rd1 Rc8 11. e4 c5 12. exd5 exd5 13. Bb2 dxc4 14. bxc4 cxd4 15. Nb5 Nc5 16. Qxd4 Qxd4 17. Nfxd4 Na4 18. Nf5 Bb4 19. Bxf6 gxf6 20. Nxa7 Rxc4 21. Ne3 Rc7 22. Nd5 Rxa7 23. Nxb4 Bc4 24. Rd6 Kg7 25. Nc6 Rc7 26. Nd4 Bd3 27. Rd1 Bg6 28. f4 Nb2 29. Re1 Nc4 30. Rd5 Bd3 31. Rd1 Bg6 32. Rc1 Rfc8 33. Nb5 Rc5 34. Rxc5 Rxc5 35. a4 Bf5 36. Bf1 Be6 37. Nd4 Bd5 38. Bd3 Kf8 39. Rc2 Na5 40. Bxh7 Bc4 41. Be4 Ke7 42. Kf2 Rh5 43. h4 Rh8 44. Nc6+ Nxc6 45. Rxc4 Na5 46. Rc7+ Ke6 47. Kf3 Rd8 48. f5+ Ke5 49. Re7+ Kd4 50. Rxf7 Nb3 51. Kf4 Nc5 52. Re7 Nxa4 53. g4 Nc5 54. g5 Rh8 55. gxf6 Rxh4+ 56. Kg5 Rxe4 57. f7 Rxe7 58. f8Q Rb7 59. Qd6+ Kc4 60. Qf4+ Kd5 61. Qf3+ Kd6 62. f6 Ne6+ 63. Kg6 Nd8 64. Qxb7 1-0

[Event "Uljanovsk Volga op"]
[Site "Uljanovsk"]
[Date "2016.01.06"]
[Round "4"]
[White "Saveliev, Dmitri"]
[Black "Mirzaev, Aziz"]
[Result "1-0"]
[WhiteElo "2166"]
[BlackElo "2276"]
[PlyCount "83"]
[EventDate "2016.01.05"]
[EventType "swiss"]
[EventRounds "9"]
[EventCountry "RUS"]
[SourceTitle "CBM 170 Extra"]
[Source "ChessBase"]
[SourceDate "2016.02.25"]
[SourceVersion "1"]
[SourceVersionDate "2016.02.25"]
[SourceQuality "1"]

1. e4 c5 2. Nf3 d6 3. Bb5+ Nd7 4. c4 a6 5. Ba4 Ngf6 6. Nc3 g6 7. 0-0 Bg7 8. d3 0-0 9. h3 b6 10. Be3 Bb7 11. Qd2 Re8 12. Bh6 Bh8 13. Ng5 Qc7 14. f4 Bc6 15. Bxc6 Qxc6 16. Rae1 Nh5 17. g4 Bg7 18. Bxg7 Nxg7 19. Qf2 f6 20. Nf3 e6 21. Qh4 b5 22. Re2 b4 23. Nd1 d5 24. e5 Rf8 25. Qh6 Rf7 26. Ne3 d4 27. Ng2 Nf8 28. exf6 Rxf6 29. Qh4 Ne8 30. Ne5 Qc7 31. Qg3 Nd7 32. Ne1 Ng7 33. N1f3 Raf8 34. Nd2 Nxe5 35. Rxe5 h6 36. Ne4 R6f7 37. Rxc5 Qb8 38. Rf2 b3 39. a3 Qd8 40. Re5 Kh7 41. c5 Qc7 42. Qh4 1-0

[Event "Uljanovsk Volga op"]
[Site "Uljanovsk"]
[Date "2016.01.05"]
[Round "1"]
[White "Mirzaev, Aziz"]
[Black "Vlasov, Alexander"]
[Result "1-0"]
[WhiteElo "2276"]
[BlackElo "2227"]
[PlyCount "81"]
[EventDate "2016.01.05"]
[EventType "swiss"]
[EventRounds "9"]
[EventCountry "RUS"]
[SourceTitle "CBM 170 Extra"]
[Source "ChessBase"]
[SourceDate "2016.02.25"]
[SourceVersion "1"]
[SourceVersionDate "2016.02.25"]
[SourceQuality "1"]

1. c4 Nf6 2. g3 g6 3. Nc3 Bg7 4. Bg2 0-0 5. Nf3 e6 6. 0-0 d5 7. d4 c6 8. Qd3 b6 9. b4 dxc4 10. Qxc4 Nd5 11. a4 Nxc3 12. Qxc3 Bb7 13. Ne5 Bxe5 14. dxe5 Qc7 15. Bh6 Rc8 16. Rfd1 Nd7 17. Qf3 Qxe5 18. Rxd7 Qxa1+ 19. Bf1 f5 20. Rxb7 Qe5 21. Bg7 Qd5 22. e4 Qxe4 23. Qxe4 fxe4 24. Bc4 Re8 25. Bf6 h5 26. Kg2 a5 27. b5 cxb5 28. Bxb5 Rf8 29. Bd4 Rf7 30. Rxb6 Rd8 31. Be3 Rdf8 32. Rxe6 Kg7 33. Rxe4 Kh7 34. Re6 Rf6 35. Rxf6 Rxf6 36. Bd2 Kg8 37. Bxa5 Rf5 38. Bb4 Kf7 39. Bd3 Rf6 40. a5 Ke6 41. a6 1-0

[Event "Uljanovsk Povolje op"]
[Site "Uljanovsk"]
[Date "2015.09.19"]
[Round "4"]
[White "Seyfutdinov, Rustam"]
[Black "Mirzaev, Aziz"]
[Result "1/2-1/2"]
[WhiteElo "1919"]
[BlackElo "2288"]
[PlyCount "109"]
[EventDate "2015.09.12"]
[EventType "swiss"]
[EventRounds "9"]
[EventCountry "RUS"]
[SourceTitle "EXT 2016"]
[Source "ChessBase"]
[SourceDate "2015.10.08"]
[SourceVersion "1"]
[SourceVersionDate "2015.10.08"]
[SourceQuality "1"]

1. d4 Nf6 2. g3 e6 3. Bg2 c5 4. Nf3 Nc6 5. 0-0 cxd4 6. Nxd4 Qb6 7. Nb3 d5 8. Be3 Qd8 9. Na3 Bxa3 10. bxa3 0-0 11. Rc1 Ne5 12. Nd2 Bd7 13. c4 Bc6 14. Bd4 Ned7 15. cxd5 Nxd5 16. Nc4 Qe7 17. Na5 Qxa3 18. Nxc6 bxc6 19. Rxc6 Qxa2 20. Rd6 N7b6 21. Bxb6 axb6 22. Bxd5 exd5 23. Qxd5 Qb2 24. Rd1 Rab8 25. Qd3 Rbc8 26. Rb1 Rc1+ 27. Rxc1 Qxc1+ 28. Kg2 Qc5 29. Rd8 g6 30. Rd5 Qc6 31. Qb5 Qe6 32. Re5 Qd6 33. h4 h5 34. Rd5 Qf6 35. Qb4 Re8 36. Rd6 Re6 37. Rd2 Kg7 38. e4 Rc6 39. Rd3 Qe5 40. Rd5 Qc3 41. Qxc3+ Rxc3 42. Rb5 Rc6 43. e5 Kf8 44. Kf3 Ke7 45. Ke4 Kd7 46. Kd4 Ke6 47. Ke4 Kd7 48. Kd4 Re6 49. Kd5 f6 50. f4 fxe5 51. fxe5 Rc6 52. Rb3 Rc5+ 53. Kd4 Rc6 54. Kd5 Rc5+ 55. Kd4 1/2-1/2

[Event "Samara Polugaevsky Memorial 5th"]
[Site "Samara"]
[Date "2015.07.09"]
[Round "7"]
[White "Usmanov, Vasily"]
[Black "Mirzaev, Aziz"]
[Result "1-0"]
[WhiteElo "2455"]
[BlackElo "2290"]
[PlyCount "103"]
[EventDate "2015.07.03"]
[EventType "swiss"]
[EventRounds "9"]
[EventCountry "RUS"]
[SourceTitle "EXT 2017"]
[Source "ChessBase"]
[SourceDate "2016.10.25"]
[SourceVersion "1"]
[SourceVersionDate "2016.10.25"]
[SourceQuality "1"]

1. Nf3 d5 2. d4 Nf6 3. c4 e6 4. g3 c5 5. Bg2 Nc6 6. 0-0 dxc4 7. Qa4 Bd7 8. Qxc4 b5 9. Qd3 Rc8 10. Nc3 cxd4 11. Nxd4 Nxd4 12. Qxd4 Bc5 13. Qd3 b4 14. Ne4 Nxe4 15. Bxe4 Qb6 16. a4 bxa3 17. bxa3 Bb5 18. Qf3 Bc6 19. Bxc6+ Qxc6 20. Qg4 g6 21. Bh6 f5 22. Qh4 Kf7 23. Rac1 Qe4 24. Qxe4 fxe4 25. Rfd1 e5 26. Kg2 Ke6 27. Rc4 Bxa3 28. Rxe4 Rhd8 29. Ra1 Bc5 30. Be3 Bb6 31. f4 Rd5 32. Bxb6 axb6 33. Ra7 h5 34. Rb7 b5 35. Kf3 Rc3+ 36. e3 Rc1 37. Rb4 Rcc5 38. h4 exf4 39. gxf4 Kf6 40. Rb1 Ke6 41. Rg1 Kf6 42. Rb6+ Kf7 43. Rb7+ Kf6 44. Rb6+ Kf7 45. Rgxg6 Rd3 46. Rg5 Rcc3 47. Rf5+ Kg7 48. Rg5+ Kf7 49. Rf5+ Kg7 50. Re5 Rb3 51. f5 Kf7 52. Kf4 1-0

[Event "Samara Polugaevsky Memorial 5th"]
[Site "Samara"]
[Date "2015.07.07"]
[Round "5"]
[White "Tunik, Gennady"]
[Black "Mirzaev, Aziz"]
[Result "1-0"]
[WhiteElo "2423"]
[BlackElo "2290"]
[PlyCount "125"]
[EventDate "2015.07.03"]
[EventType "swiss"]
[EventRounds "9"]
[EventCountry "RUS"]
[SourceTitle "EXT 2017"]
[Source "ChessBase"]
[SourceDate "2016.10.25"]
[SourceVersion "1"]
[SourceVersionDate "2016.10.25"]
[SourceQuality "1"]

1. d4 Nf6 2. c4 e6 3. Nf3 d5 4. Nc3 dxc4 5. e3 c5 6. Bxc4 a6 7. 0-0 b5 8. Be2 Bb7 9. dxc5 Qxd1 10. Rxd1 Bxc5 11. Nd2 0-0 12. Nb3 Bb6 13. a4 b4 14. a5 Bc7 15. Na4 Bd5 16. Nac5 Nc6 17. f3 Rfd8 18. e4 Bxb3 19. Rxd8+ Bxd8 20. Nxb3 Nd7 21. Be3 Kf8 22. Kf2 Ke8 23. g3 g6 24. f4 Nf6 25. Kf3 Be7 26. Rc1 Kd7 27. Bb6 h5 28. h3 g5 29. fxg5 Ne5+ 30. Ke3 Nfg4+ 31. hxg4 Bxg5+ 32. Kd4 Bxc1 33. Nxc1 Nc6+ 34. Ke3 hxg4 35. Nd3 f5 36. Nc5+ Kd6 37. Nxa6 b3 38. Nc7 Rb8 39. Nb5+ Kd7 40. Nd4 Nb4 41. Nxb3 fxe4 42. Kxe4 Nd5 43. Bb5+ Kc8 44. Bc4 Nxb6 45. axb6 Rxb6 46. Ke5 Rb4 47. Bxe6+ Kc7 48. Nd4 Rxb2 49. Bxg4 Kd8 50. Be6 Ke8 51. g4 Kf8 52. Nf5 Rg2 53. Kf4 Rg1 54. g5 Rg2 55. Bd5 Rg1 56. Bf3 Kf7 57. Bh5+ Kf8 58. g6 Kg8 59. Ke5 Ra1 60. Bf3 Re1+ 61. Kf6 Rg1 62. Nh6+ Kf8 63. Ng4 1-0

[Event "Samara Polugaevsky Memorial 4th"]
[Site "Samara"]
[Date "2014.07.06"]
[Round "5"]
[White "Mirzaev, Aziz"]
[Black "Levin, Evgeny A"]
[Result "1/2-1/2"]
[WhiteElo "2257"]
[BlackElo "2501"]
[PlyCount "87"]
[EventDate "2014.07.02"]
[EventType "swiss"]
[EventRounds "9"]
[EventCountry "RUS"]
[SourceTitle "CBM 161 Extra"]
[Source "ChessBase"]
[SourceDate "2014.08.29"]
[SourceVersion "1"]
[SourceVersionDate "2014.08.29"]
[SourceQuality "1"]

1. d4 Nf6 2. c4 g6 3. Nc3 Bg7 4. g3 c5 5. Nf3 0-0 6. Bg2 cxd4 7. Nxd4 Qc7 8. Nd5 Nxd5 9. cxd5 Qa5+ 10. Bd2 Qb6 11. Bc3 d6 12. 0-0 a5 13. e3 Nd7 14. b3 Nc5 15. Qd2 Bd7 16. Rfc1 Rfc8 17. Rab1 f5 18. b4 axb4 19. Bxb4 Ne4 20. Rxc8+ Rxc8 21. Qd3 Qa7 22. a3 Nc5 23. Qd2 Bf6 24. h4 Qa6 25. Bf3 Ne4 26. Qb2 Bb5 27. Rc1 Rc4 28. Rd1 Ba4 29. Rc1 Bxd4 30. exd4 Qb5 31. Rxc4 Qxc4 32. Bxe4 fxe4 33. Bd2 Qxd5 34. Bg5 Kf7 35. Qd2 Ke6 36. Qe3 Bd1 37. Qf4 Kd7 38. Qf8 Bg4 39. Qxe7+ Kc6 40. Be3 h5 41. Qe8+ Kc7 42. Qxg6 Qe6 43. Qxe6 Bxe6 44. Kf1 1/2-1/2

[Event "Uljanovsk Student op"]
[Site "Uljanovsk"]
[Date "2014.04.06"]
[Round "8"]
[White "Mirzaev, Aziz"]
[Black "Chepenko, Anton"]
[Result "1-0"]
[WhiteElo "2268"]
[BlackElo "1794"]
[PlyCount "67"]
[EventDate "2014.03.22"]
[EventType "swiss"]
[EventRounds "9"]
[EventCountry "RUS"]
[SourceTitle "EXT 2016"]
[Source "ChessBase"]
[SourceDate "2015.10.08"]
[SourceVersion "1"]
[SourceVersionDate "2015.10.08"]
[SourceQuality "1"]

1. d4 e6 2. Nf3 f5 3. c4 Nf6 4. g3 d5 5. Bg2 c6 6. 0-0 Bd6 7. Nc3 0-0 8. Qc2 b6 9. Ne5 Bb7 10. cxd5 cxd5 11. Nb5 Na6 12. Nxd6 Qxd6 13. Bf4 Qe7 14. a3 Rac8 15. Qa4 Qe8 16. Qb3 Nb8 17. Rfc1 Nc6 18. Nxc6 Rxc6 19. Rxc6 Bxc6 20. Bd6 Rf7 21. Rc1 Qd7 22. Be5 Rf8 23. f3 Rc8 24. h3 Bb7 25. Rxc8+ Qxc8 26. g4 fxg4 27. hxg4 Qc4 28. Qe3 Ba6 29. Kf2 Kf7 30. g5 Nh5 31. Bh3 Qc2 32. Bg4 Qg6 33. f4 h6 34. Qf3 1-0

[Event "Uljanovsk Volga op"]
[Site "Uljanovsk"]
[Date "2014.01.06"]
[Round "7"]
[White "Mirzaev, Aziz"]
[Black "Beldyugin, Alexey"]
[Result "1-0"]
[WhiteElo "2271"]
[BlackElo "2111"]
[PlyCount "53"]
[EventDate "2014.01.03"]
[EventType "swiss"]
[EventRounds "9"]
[EventCountry "RUS"]
[SourceTitle "CBM 158 Extra"]
[Source "ChessBase"]
[SourceDate "2014.02.28"]
[SourceVersion "1"]
[SourceVersionDate "2014.02.28"]
[SourceQuality "1"]

1. d4 Nf6 2. c4 e6 3. g3 Bb4+ 4. Bd2 Bxd2+ 5. Qxd2 d5 6. Bg2 0-0 7. Nf3 b6 8. 0-0 Bb7 9. Ne5 Qc8 10. cxd5 Bxd5 11. f3 Rd8 12. Rc1 Nfd7 13. Nxf7 Kxf7 14. Qf4+ Kg8 15. Rxc7 Qa6 16. Nc3 Qa5 17. Qd6 Na6 18. Rxd7 Rxd7 19. Qxd7 Qb4 20. Rd1 Qxb2 21. Nxd5 Qxe2 22. Rf1 Qxa2 23. Qxe6+ Kh8 24. Rc1 Rd8 25. Rc8 Qa1+ 26. Bf1 Qxd4+ 27. Kh1 1-0

[Event "Uljanovsk Volga op"]
[Site "Uljanovsk"]
[Date "2014.01.05"]
[Round "6"]
[White "Ulanov, Alexandr"]
[Black "Mirzaev, Aziz"]
[Result "1/2-1/2"]
[WhiteElo "2415"]
[BlackElo "2271"]
[PlyCount "65"]
[EventDate "2014.01.03"]
[EventType "swiss"]
[EventRounds "9"]
[EventCountry "RUS"]
[SourceTitle "CBM 158 Extra"]
[Source "ChessBase"]
[SourceDate "2014.02.28"]
[SourceVersion "1"]
[SourceVersionDate "2014.02.28"]
[SourceQuality "1"]

1. d4 d5 2. Nf3 Nf6 3. c4 e6 4. Nc3 c6 5. e3 Nbd7 6. Qc2 Bd6 7. g4 Nxg4 8. Rg1 Nxh2 9. Nxh2 Bxh2 10. Rxg7 Nf8 11. Rg2 Bc7 12. e4 dxe4 13. Nxe4 Qxd4 14. Bd2 f5 15. Bc3 Qxe4+ 16. Qxe4 fxe4 17. Bxh8 Ng6 18. Bc3 Bf4 19. Bd2 e5 20. Bxf4 exf4 21. Rh2 Bg4 22. Rxh7 0-0-0 23. Bh3 Bxh3 24. Rxh3 Ne5 25. Rd1 Rxd1+ 26. Kxd1 Nxc4 27. Rh8+ Kc7 28. Rh7+ Kc8 29. b3 Nb6 30. Rh8+ Kd7 31. Rh7+ Kc8 32. Rh8+ Kd7 33. Rh7+ 1/2-1/2

[Event "Uljanovsk Volga op"]
[Site "Uljanovsk"]
[Date "2014.01.04"]
[Round "4"]
[White "Nikonova, Irina"]
[Black "Mirzaev, Aziz"]
[Result "0-1"]
[WhiteElo "1924"]
[BlackElo "2271"]
[PlyCount "186"]
[EventDate "2014.01.03"]
[EventType "swiss"]
[EventRounds "9"]
[EventCountry "RUS"]
[SourceTitle "CBM 158 Extra"]
[Source "ChessBase"]
[SourceDate "2014.02.28"]
[SourceVersion "1"]
[SourceVersionDate "2014.02.28"]
[SourceQuality "1"]

1. e4 c5 2. Nf3 d6 3. Bb5+ Nc6 4. d4 cxd4 5. Nxd4 Bd7 6. Nxc6 bxc6 7. Bc4 Nf6 8. Nc3 e5 9. 0-0 Be7 10. Qd3 h6 11. Bb3 Qc7 12. f3 Rd8 13. Be3 0-0 14. Rad1 Be6 15. Kh1 d5 16. exd5 cxd5 17. Bf2 e4 18. Qd4 a5 19. Qb6 Qxb6 20. Bxb6 Rb8 21. Bd4 exf3 22. gxf3 Rfd8 23. Rg1 Kf8 24. Rd2 g5 25. Rgd1 Rdc8 26. Be5 Rb7 27. Bd4 Rd8 28. Be5 Rc8 29. Bd4 h5 30. Be3 g4 31. Rf1 gxf3 32. Rxf3 Ng4 33. Bd4 Bg5 34. Re2 Rb4 35. Rxe6 Rxd4 36. h3 Kg7 37. Re2 Nf6 38. Rg2 Kh6 39. Rf5 Bh4 40. Ne2 Rd1+ 41. Kh2 Re8 42. c3 Rb1 43. Bc2 Rxb2 44. Nd4 Rg8 45. Rxf6+ Bxf6 46. Rxg8 Bxd4 47. cxd4 Rxc2+ 48. Kg3 Rc4 49. Ra8 a4 50. Kf4 Rxd4+ 51. Ke5 Rh4 52. Kf6 Rf4+ 53. Ke5 Rf3 54. h4 Ra3 55. Kf6 Kh7 56. Ra7 Rxa2 57. Rxf7+ Kh6 58. Rd7 Rf2+ 59. Ke5 Rh2 60. Rd6+ Kg7 61. Rd7+ Kg6 62. Rd6+ Kf7 63. Rd7+ Ke8 64. Rxd5 Rxh4 65. Ra5 Kd7 66. Kd5 Kc7 67. Kc5 Rg4 68. Ra7+ Kb8 69. Rf7 h4 70. Kb6 Kc8 71. Kc6 Kd8 72. Kd6 Ke8 73. Rf3 Rg6+ 74. Ke5 Ra6 75. Ra3 Kd7 76. Kd5 Ra5+ 77. Kc4 Ke6 78. Kb4 Ra8 79. Re3+ Kf5 80. Ka3 Kg4 81. Re4+ Kg3 82. Re3+ Kg2 83. Re2+ Kf3 84. Rc2 Rg8 85. Rc3+ Kg2 86. Rc2+ Kh1 87. Rc4 h3 88. Kxa4 h2 89. Rc2 Rg2 90. Rc1+ Rg1 91. Rc7 Ra1+ 92. Kb3 Kg2 93. Rc2+ Kg3 0-1

[Event "Uljanovsk Povolje op"]
[Site "Uljanovsk"]
[Date "2013.08.28"]
[Round "8"]
[White "Mirzaev, Aziz"]
[Black "Usachev, Andrey"]
[Result "1-0"]
[WhiteElo "2252"]
[BlackElo "1900"]
[PlyCount "65"]
[EventDate "2013.08.24"]
[EventType "swiss"]
[EventRounds "9"]
[EventCountry "RUS"]
[SourceTitle "CBM 156 Extra"]
[Source "ChessBase"]
[SourceDate "2013.10.22"]
[SourceVersion "1"]
[SourceVersionDate "2013.10.22"]
[SourceQuality "1"]

1. Nf3 d5 2. c4 e6 3. g3 Nf6 4. Bg2 Be7 5. 0-0 0-0 6. b3 d4 7. Bb2 c5 8. e3 Nc6 9. d3 e5 10. e4 Kh8 11. Nh4 g6 12. Nd2 Nh5 13. Nf5 Bf6 14. a3 Ng7 15. Nxg7 Bxg7 16. f4 f5 17. b4 Qd6 18. bxc5 Qxc5 19. a4 a5 20. Ba3 Nb4 21. Nb3 Qe7 22. Rb1 b6 23. exf5 Bxf5 24. Bxa8 Rxa8 25. Qe2 Qc7 26. Bxb4 axb4 27. Rbe1 exf4 28. Rxf4 Bh6 29. Rxd4 Rf8 30. Rd5 Bg7 31. Nd4 Bh3 32. Ne6 Bd4+ 33. Rxd4 1-0

[Event "Uljanovsk Povolje op"]
[Site "Uljanovsk"]
[Date "2013.08.28"]
[Round "7"]
[White "Triapkin, Pavel"]
[Black "Mirzaev, Aziz"]
[Result "1-0"]
[WhiteElo "2278"]
[BlackElo "2252"]
[PlyCount "87"]
[EventDate "2013.08.24"]
[EventType "swiss"]
[EventRounds "9"]
[EventCountry "RUS"]
[SourceTitle "CBM 156 Extra"]
[Source "ChessBase"]
[SourceDate "2013.10.22"]
[SourceVersion "1"]
[SourceVersionDate "2013.10.22"]
[SourceQuality "1"]

1. e4 c5 2. Nf3 d6 3. Nc3 a6 4. d4 cxd4 5. Nxd4 Nf6 6. Bc4 e6 7. Bb3 Nbd7 8. Be3 Nc5 9. f3 Be7 10. Qe2 g6 11. Qf2 e5 12. Nde2 Nxb3 13. axb3 Be6 14. Bh6 Nh5 15. 0-0-0 Qa5 16. Kb1 Rc8 17. g4 Nf6 18. Bg7 Rg8 19. Bxf6 Bxf6 20. Nd5 Bd8 21. Nec3 Qc5 22. Qd2 b5 23. g5 a5 24. Nf6+ Bxf6 25. gxf6 Rc6 26. Qe2 b4 27. Nd5 Rf8 28. f4 exf4 29. Nxf4 Kd7 30. Nxe6 fxe6 31. e5 d5 32. Rd2 Ra8 33. Qf2 Qxf2 34. Rxf2 Ke8 35. h4 Kf7 36. h5 g5 37. h6 Rg8 38. Rg1 g4 39. Rf4 Rg5 40. Rgxg4 Rxe5 41. Rg7+ Kf8 42. Rxh7 Rh5 43. Rg4 Rf5 44. Rgg7 1-0

[Event "Uljanovsk Povolje op"]
[Site "Uljanovsk"]
[Date "2013.08.24"]
[Round "1"]
[White "Mikeev, Valery"]
[Black "Mirzaev, Aziz"]
[Result "0-1"]
[WhiteElo "1788"]
[BlackElo "2252"]
[PlyCount "72"]
[EventDate "2013.08.24"]
[EventType "swiss"]
[EventRounds "9"]
[EventCountry "RUS"]
[SourceTitle "CBM 156 Extra"]
[Source "ChessBase"]
[SourceDate "2013.10.22"]
[SourceVersion "1"]
[SourceVersionDate "2013.10.22"]
[SourceQuality "1"]

1. Nf3 Nf6 2. g3 d5 3. d4 Bf5 4. Bg2 e6 5. 0-0 h6 6. c4 c6 7. Nc3 Be7 8. Qb3 Qb6 9. c5 Qa6 10. Ne5 b6 11. cxb6 axb6 12. Be3 0-0 13. Rfe1 c5 14. a4 Rc8 15. Nb5 c4 16. Qd1 Ne4 17. f3 Nd6 18. Nxd6 Bxd6 19. f4 f6 20. Nf3 Be4 21. Bd2 Nc6 22. Bc3 Rc7 23. Qd2 Na5 24. Bxa5 bxa5 25. Rec1 Rb8 26. Ne1 Bxg2 27. Kxg2 Bb4 28. Qe3 Bxe1 29. Rxe1 Rxb2 30. f5 exf5 31. Qe8+ Kh7 32. Rf1 c3 33. Kf3 c2 34. h4 Rc3+ 35. Kf4 Qd6+ 36. Kxf5 Rxg3 0-1